Word of mouth marketing : Marketing truyền miệng là cách nhanh nhất để thuyết phục người dùng biết về sản phẩm của bạn

Quyển sách này giới thiệu đầy đủ mọi khía cạnh của marketing truyền miệng qua ba phần chính: "Tìm kiếm người nói - Đề tài ấn tượng - Công cụ truyền tải". Không chỉ đưa ra những phần lý thuyết suông đấy sáo rỗng, quyển sách còn đ...

Cijeli opis

Spremljeno u:
Bibliografski detalji
Glavni autor: Sernovitz, Andy
Daljnji autori: Nguyễn Linh Giang (Dịch)
Format: Knjiga
Jezik:Vietnamese
Izdano: H. Lao động - Xã hội 2013
Teme:
Oznake: Dodaj oznaku
Bez oznaka, Budi prvi tko označuje ovaj zapis!
Thư viện lưu trữ: Thư viện Trường Đại học Nam Cần Thơ
LEADER 01720aam a22002058a 4500
001 NCT_43477
008 160713s2016 ||||||viesd
999 |c 2084  |d 2084 
020 |c 79000  |a 9786046504689 
082 0 4 |2 23rd ed.  |a 658.800  |b S351 
100 1 |a Sernovitz, Andy 
245 1 0 |a Word of mouth marketing :   |b Marketing truyền miệng là cách nhanh nhất để thuyết phục người dùng biết về sản phẩm của bạn   |c Andy Sernovitz, Nguyễn Linh Giang (dịch) 
260 |a H.  |b Lao động - Xã hội  |c 2013 
300 |a 300 tr.  |c 21 cm 
520 3 |a Quyển sách này giới thiệu đầy đủ mọi khía cạnh của marketing truyền miệng qua ba phần chính: "Tìm kiếm người nói - Đề tài ấn tượng - Công cụ truyền tải". Không chỉ đưa ra những phần lý thuyết suông đấy sáo rỗng, quyển sách còn đưa ra cho bạn những bài tập ứng dụng làm sao để thực hiện công việc kinh doanh của công ty bạn và duy trì nó trong một thời gian dài, kèm theo đó là những ví dụ thực tế về những thành quả vượt trội mà các thương hiệu hàng đầu thế giới đã đạt được nhờ vào "Marketing truyền miệng". 
653 |a Quản trị kinh doanh 
700 1 |a Nguyễn Linh Giang  |e Dịch 
942 |2 ddc  |c BK 
952 |0 0  |1 0  |2 ddc  |4 0  |6 658_800000000000000_S351  |7 0  |9 11557  |a 000001  |b 000001  |d 2018-06-22  |o 658.800 S351  |p MD.06792  |r 2018-06-22  |v 79000.00  |w 2018-06-22  |y BK 
980 |a Thư viện Trường Đại học Nam Cần Thơ